| 000 | 00513nam a22001697a 4500 | ||
|---|---|---|---|
| 999 |
_c62538 _d62538 |
||
| 005 | 20241203105027.0 | ||
| 008 | 241203s2024 enk||||| |||| 00| 0 eng d | ||
| 020 | _a9780241999417x | ||
| 041 | _aeng | ||
| 080 | _a159.9 B-80 | ||
| 100 |
_a Botton, Alain _923846 |
||
| 245 |
_aA Therapeutic Journey: _bLessons from the School of Life / _c Alain de Botton. |
||
| 264 |
_aBoston : _b Penguin, _c2024. |
||
| 300 |
_a371 p.: _bill.; _c20 cm. |
||
| 653 | _aფსიქოლოგია | ||
| 942 |
_2udc _cᲬᲘᲒᲜᲘ |
||